[Event "26. Off. Wuerttembergische Seniorenmst."]
[Site "Freudenstadt"]
[Date "2014.07.23"]
[Round "8.37"]
[White "Pottgiesser, Ulrich"]
[Black "Janzen, Christian"]
[Result "1/2-1/2"]
[WhiteElo "1553"]
[BlackElo "1505"]
[Annotator "König,Dirk"]
[PlyCount "43"]
[EventDate "2014.??.??"]
[WhiteTeam "SC Leinfelden"]
[BlackTeam "TSV Marienfelde 1890 e.V."]

1. e4 e5 2. Nf3 Nc6 3. d4 exd4 4. Nxd4 Bc5 5. Be3 Nxd4 6. Bxd4 Bxd4 7. Qxd4 Qf6
8. Qxf6 Nxf6 9. Nc3 d6 10. Nb5 Kd8 11. f3 Bd7 12. O-O-O a6 13. Nc3 b5 14. Nd5
Nxd5 15. exd5 Re8 16. Bd3 g6 17. Rhe1 Re7 18. g4 c5 19. dxc6 Bxc6 20. Rxe7 Kxe7
21. Be4 Bxe4 22. fxe4 {1/2-1/2 (22) Pottgiesser-Janzen} 1/2-1/2

[Event "26. Off. Wuerttembergische Seniorenmst."]
[Site "Freudenstadt"]
[Date "2014.07.23"]
[Round "8.38"]
[White "Braun, Gerhard"]
[Black "Straesser, Gerda"]
[Result "1/2-1/2"]
[WhiteElo "1483"]
[BlackElo "1467"]
[Annotator "König,Dirk"]
[PlyCount "61"]
[EventDate "2014.??.??"]
[WhiteTeam "SV Nagold"]
[BlackTeam "SV Rottweil"]

1. Nf3 Nf6 2. g3 e6 3. Bg2 d5 4. d4 c5 5. c3 Nc6 6. a3 Bd6 7. b4 cxb4 8. axb4
Bd7 9. Ba3 b5 10. O-O O-O 11. Nbd2 a5 12. bxa5 Bxa3 13. Rxa3 Nxa5 14. Qc2 Nc4
15. Nxc4 bxc4 16. Rfa1 Rxa3 17. Rxa3 Qb6 18. Ne5 Rb8 19. Qa2 Qb1+ 20. Bf1 Qxa2
21. Rxa2 Be8 22. h4 g6 23. e3 Rb3 24. Rc2 Ne4 25. Ng4 h5 26. f3 Rxc3 27. Rxc3
Nxc3 28. Nf6+ Kf8 29. Nxe8 Kxe8 30. Kf2 Kd7 31. e4 {
1/2-1/2 (31) Braeun-Straesser} 1/2-1/2

[Event "26. Off. Wuerttembergische Seniorenmst."]
[Site "Freudenstadt"]
[Date "2014.07.23"]
[Round "8.39"]
[White "Rauer, Wilhelm"]
[Black "Gabriel, Klaus"]
[Result "1-0"]
[WhiteElo "1287"]
[BlackElo "1444"]
[Annotator "König,Dirk"]
[PlyCount "80"]
[EventDate "2014.??.??"]
[WhiteTeam "SC 1875 Ellwangen"]
[BlackTeam "SC Leinfelden"]

1. e4 d5 2. e5 Bf5 3. d4 e6 4. Nf3 c5 5. Bd3 Bxd3 6. Qxd3 Qb6 7. c3 Nc6 8. O-O
cxd4 9. cxd4 Nge7 10. Nc3 Ng6 11. Rb1 Be7 12. a3 O-O 13. b4 Qd8 14. b5 Na5 15.
a4 Nc4 16. Ne2 f6 17. exf6 Bxf6 18. Ng3 Nh4 19. Nxh4 Bxh4 20. Re1 Qd7 21. Qe2
Rae8 22. Nh1 Bf6 23. Qg4 Kh8 24. Ng3 g6 25. Bh6 Rf7 26. Bf4 Bxd4 27. Be3 Nxe3
28. Qxd4+ e5 29. Qxe3 d4 30. Qd3 Qd8 31. Ne4 b6 32. Nd2 Qf6 33. Re2 Ref8 34.
Nf3 Qe6 35. Ng5 Qf5 36. Nxf7+ Rxf7 37. Qxf5 Rxf5 38. Rd1 Kg7 39. f3 Kf6 40. Kf2
Ke6 {1-0 (40) Rainer-Gabriel} 1-0

[Event "26. Off. Wuerttembergische Seniorenmst."]
[Site "Freudenstadt"]
[Date "2014.07.23"]
[Round "8.40"]
[White "Bauer, Robert"]
[Black "Stuiber, Ingeborg"]
[Result "0-1"]
[WhiteElo "1210"]
[BlackElo "1079"]
[Annotator "König,Dirk"]
[PlyCount "52"]
[EventDate "2014.??.??"]
[WhiteTeam "SABT Post Südstadt Karlsruhe"]
[BlackTeam "SK Turm Euskirchen 65"]

1. d4 d5 2. Nf3 f5 3. Bf4 Nf6 4. h3 e6 5. Nbd2 c6 6. Ne5 Bd6 7. e3 O-O 8. c4
Qe7 9. c5 Bc7 10. b4 Nbd7 11. Ndf3 Nxe5 12. Nxe5 Bxe5 13. Bxe5 Bd7 14. Bd6 Qf7
15. Bxf8 Rxf8 16. Be2 Be8 17. O-O Qe7 18. f3 Nh5 19. Qe1 Qg5 20. f4 Qg3 21.
Qxg3 Nxg3 22. Rf2 Ne4 23. Rff1 h5 24. Kh2 g6 25. Bd3 Nf6 26. Rf3 Kg7 {
0-1 (26) Bauer-Stukier} 0-1

[Event "26. Off. Wuerttembergische Seniorenmst."]
[Site "Freudenstadt"]
[Date "2014.07.24"]
[Round "9.2"]
[White "Haselhorst, Helmut"]
[Black "Weenink, Henk"]
[Result "0-1"]
[WhiteElo "2023"]
[BlackElo "2185"]
[Annotator "KÃ¶nig,Dirk"]
[PlyCount "83"]
[EventDate "2014.??.??"]
[WhiteTeam "SC Steinfurt 1996 e.V."]

1. d4 d5 2. Bf4 Nf6 3. e3 Bf5 4. c4 c6 5. Nc3 e6 6. Qb3 Qb6 7. c5 Qxb3 8. axb3
Nbd7 9. b4 Be7 10. b5 e5 11. Bg3 Nh5 12. b4 Nxg3 13. hxg3 exd4 14. exd4 Bf6 15.
Nf3 O-O 16. O-O-O a6 17. bxc6 bxc6 18. Bd3 Bxd3 19. Rxd3 Rfb8 20. Na2 a5 21.
Ra3 axb4 22. Rxa8 Rxa8 23. Kb1 b3 24. Nb4 Nxc5 25. Nxc6 Ne6 26. Rc1 g6 27. Rc3
Ra2 28. Rxb3 Rxf2 29. Rb5 Rxg2 30. Rxd5 Rxg3 31. Nfe5 Bxe5 32. Nxe5 Rg5 33. Rd7
Nxd4 34. Nxf7 Rg1+ 35. Kb2 g5 36. Nd8 Re1 37. Kc3 h5 38. Kd2 Re8 39. Nc6 h4 40.
Nb4 h3 41. Nd5 Rf8 42. Ne7+ {(0:1, 66 ZA1/4ge)} 0-1

[Event "26. Off. Wuerttembergische Seniorenmst."]
[Site "Freudenstadt"]
[Date "2014.07.24"]
[Round "9.3"]
[White "Szenetra, Werner"]
[Black "Gollasch, Theo-Heinz"]
[Result "1-0"]
[WhiteElo "2094"]
[BlackElo "1996"]
[PlyCount "54"]
[EventDate "2014.??.??"]
[WhiteTeam "SV Berenbostel"]
[BlackTeam "Hamburger SK von 1830 eV"]

1. Nf3 d5 2. d3 g6 3. g3 Bg7 4. Bg2 Nf6 5. O-O c5 6. Nbd2 O-O 7. e4 Nc6 8. Re1
dxe4 9. dxe4 e5 10. c3 Qc7 11. a4 Rd8 12. Qc2 Na5 13. b3 b6 14. Bf1 h6 15. Bb2
Be6 16. Rac1 Nh7 17. b4 Nb7 18. Nc4 Ng5 19. Nxg5 hxg5 20. Ne3 Rd6 21. Nd5 Bxd5
22. exd5 Rxd5 23. Bg2 Rd7 24. bxc5 Qxc5 25. Rcd1 Rad8 26. Bxb7 Rxd1 27. Rxd1
Rxd1+ 1-0

[Event "26. Off. Wuerttembergische Seniorenmst."]
[Site "Freudenstadt"]
[Date "2014.07.24"]
[Round "9.4"]
[White "Pfitzer, Norbert"]
[Black "Heinzel, Peter"]
[Result "1-0"]
[WhiteElo "1928"]
[BlackElo "1887"]
[Annotator "KÃ¶nig,Dirk"]
[PlyCount "47"]
[EventDate "2014.??.??"]
[WhiteTeam "SV Aalen-Ellwangen e.V."]
[BlackTeam "SC MÃ¼lheim 08/25 e.V."]

1. d4 Nf6 2. g3 c6 3. Bg2 d5 4. Nf3 Bf5 5. O-O Qc8 6. b3 Bh3 7. c4 Bxg2 8. Kxg2
e6 9. Nc3 Bb4 10. Bd2 Bxc3 11. Bxc3 O-O 12. Rc1 Re8 13. Ne5 Nbd7 14. Qd3 Ne4
15. Bb2 f6 16. f3 Nd6 17. Ng4 Nf7 18. e4 Nb6 19. Ne3 Qd8 20. Rf2 Qd7 21. c5 Nc8
22. e5 fxe5 23. dxe5 Ne7 24. h4 {(1:0, 40 ZA1/4ge)} 1-0

[Event "26. Off. Wuerttembergische Seniorenmst."]
[Site "Freudenstadt"]
[Date "2014.07.24"]
[Round "9.6"]
[White "Lang, Ferdinand"]
[Black "Duijker, Bert"]
[Result "1-0"]
[WhiteElo "2050"]
[BlackElo "1893"]
[Annotator "KÃ¶nig,Dirk"]
[PlyCount "60"]
[EventDate "2014.??.??"]
[WhiteTeam "TSV Willsbach"]

1. e4 g6 2. d4 Bg7 3. Nf3 d6 4. Bc4 Nf6 5. Qe2 c6 6. Bb3 O-O 7. O-O a5 8. c4 a4
9. Bc2 Bg4 10. Nc3 Nfd7 11. Be3 a3 12. b3 c5 13. Rad1 cxd4 14. Bxd4 Nc6 15.
Bxg7 Kxg7 16. h3 Be6 17. Rd2 f6 18. Qd1 g5 19. Ne2 Qe8 20. Nfd4 Nxd4 21. Nxd4
Qf7 22. Nf5+ Bxf5 23. exf5 Ra5 24. Qf3 Rb8 25. Be4 Ne5 26. Qc3 b6 27. g3 g4 28.
hxg4 Nxg4 29. f3 Ne5 30. Rh2 Rc5 {(1:0, 42 ZA1/4ge)} 1-0

[Event "26. Off. Wuerttembergische Seniorenmst."]
[Site "Freudenstadt"]
[Date "2014.07.24"]
[Round "9.7"]
[White "Storkebaum, Karl-Heinrich"]
[Black "Klaus, Eduard"]
[Result "1/2-1/2"]
[WhiteElo "1758"]
[BlackElo "1539"]
[Annotator "KÃ¶nig,Dirk"]
[PlyCount "40"]
[EventDate "2014.??.??"]
[WhiteTeam "SAbt TEC Darmstadt"]
[BlackTeam "SC MÃ¶hringen 1961"]

1. d4 d5 2. c4 dxc4 3. Nc3 e6 4. e3 a6 5. Bxc4 b5 6. Bd3 Bb7 7. Nf3 Nf6 8. O-O
Be7 9. a3 c5 10. dxc5 Bxc5 11. b4 Be7 12. e4 O-O 13. Bb2 h6 14. Qe2 Qb6 15. e5
Nd5 16. Qe4 g6 17. Nxd5 Bxd5 18. Qf4 Kg7 19. Bd4 Qb7 20. Rfd1 Rh8 {
(0,5:0,5, 57 ZA1/4ge)} 1/2-1/2

[Event "26. Off. Wuerttembergische Seniorenmst."]
[Site "Freudenstadt"]
[Date "2014.07.24"]
[Round "9.8"]
[White "Pape, Manfred"]
[Black "Reinhold, Klaus"]
[Result "0-1"]
[WhiteElo "2019"]
[BlackElo "1938"]
[Annotator "KÃ¶nig,Dirk"]
[PlyCount "54"]
[EventDate "2014.??.??"]
[WhiteTeam "SK Bad Harzburg"]
[BlackTeam "SC Gronau 1920 e.V."]

1. Nf3 d5 2. g3 Nf6 3. Bg2 Bg4 4. c4 c6 5. O-O e6 6. b3 Nbd7 7. Bb2 Be7 8. d3
O-O 9. Nbd2 h6 10. a3 a5 11. Re1 Bh5 12. Ra2 Qb6 13. Qa1 Bc5 14. d4 Be7 15. c5
Qa7 16. Bc3 Bg6 17. Qb2 Ne4 18. Nxe4 Bxe4 19. Rea1 b6 20. b4 bxc5 21. dxc5 Bf6
22. Bxf6 Nxf6 23. Nd4 Bxg2 24. Kxg2 Qc7 25. Nb3 Rfb8 26. Qd4 axb4 27. axb4 Rxa2
{(0:1, 55 ZA1/4ge)} 0-1

[Event "26. Off. Wuerttembergische Seniorenmst."]
[Site "Freudenstadt"]
[Date "2014.07.24"]
[Round "9.9"]
[White "Hoeschele, Hans-Ulrich"]
[Black "Schmieder, Siegfried"]
[Result "1/2-1/2"]
[WhiteElo "1948"]
[BlackElo "1962"]
[PlyCount "62"]
[EventDate "2014.??.??"]
[WhiteTeam "Stuttgarter SF 1879"]
[BlackTeam "SG SchwÃ¤bisch GmÃ¼nd 1872 e.V"]

1. b3 e5 2. Bb2 Nc6 3. e3 d5 4. d3 Bd6 5. Nd2 Nf6 6. Be2 O-O 7. Ngf3 h6 8. c4
d4 9. exd4 exd4 10. Nxd4 Nxd4 11. Bxd4 Re8 12. Be3 Bf5 13. O-O Be5 14. Rc1 Bxd3
15. Bxd3 Qxd3 16. Qf3 c6 17. Rfd1 Red8 18. Bc5 Bb2 19. Rb1 Bc3 20. Qxd3 Rxd3
21. Nf3 Rxd1+ 22. Rxd1 a5 23. a4 Bb4 24. Bb6 Kf8 25. Ne5 Re8 26. Nd3 Nd7 27.
Bd4 Bd6 28. g3 g6 29. Kf1 Ke7 30. f3 Rd8 31. Bc3 Bc7 1/2-1/2

[Event "26. Off. Wuerttembergische Seniorenmst."]
[Site "Freudenstadt"]
[Date "2014.07.24"]
[Round "9.10"]
[White "Prill, Gerhard"]
[Black "Trefzer, Erhard"]
[Result "1/2-1/2"]
[WhiteElo "1955"]
[BlackElo "1936"]
[PlyCount "35"]
[EventDate "2014.??.??"]
[WhiteTeam "SC Heitersheim"]
[BlackTeam "SV Besigheim"]

1. e4 d5 2. exd5 Qxd5 3. Nc3 Qd6 4. g3 Nf6 5. Bg2 c6 6. d4 Bg4 7. Nge2 Nbd7 8.
O-O Nb6 9. f3 Be6 10. Ne4 Qc7 11. Bf4 Qc8 12. b3 Bh3 13. Bxh3 Qxh3 14. Nc5 Qc8
15. c4 e6 16. Nc3 Be7 17. N3e4 O-O 18. Bd6 1/2-1/2

[Event "26. Off. Wuerttembergische Seniorenmst."]
[Site "Freudenstadt"]
[Date "2014.07.24"]
[Round "9.11"]
[White "Schmidt, Heinrich"]
[Black "Schwertel, Johann"]
[Result "0-1"]
[WhiteElo "1854"]
[BlackElo "1898"]
[Annotator "KÃ¶nig,Dirk"]
[PlyCount "35"]
[EventDate "2014.??.??"]
[WhiteTeam "SV Nagold"]
[BlackTeam "SV Koblenz 03/25"]

1. d4 d5 2. c4 c6 3. Nf3 Nf6 4. Nc3 e6 5. cxd5 exd5 6. Qc2 Bg4 7. Ne5 Bh5 8.
Bg5 Be7 9. e3 Bg6 10. Nxg6 hxg6 11. Bd3 Nbd7 12. O-O-O Nf8 13. Kb1 Ne6 14. h4
Qa5 15. Qa4 Qxa4 16. Nxa4 Ng4 17. Bxe7 Kxe7 18. Rdf1 {(0:1, 47 ZA1/4ge)} 0-1

[Event "26. Off. Wuerttembergische Seniorenmst."]
[Site "Freudenstadt"]
[Date "2014.07.24"]
[Round "9.12"]
[White "Just, Gabriele"]
[Black "Braeunlin, Klaus"]
[Result "0-1"]
[WhiteElo "1761"]
[BlackElo "2063"]
[PlyCount "60"]
[EventDate "2014.??.??"]
[WhiteTeam "SG Leipzig"]
[BlackTeam "TG Biberach"]

1. f4 Nf6 2. Nf3 e6 3. e3 c5 4. Be2 b6 5. d3 Bb7 6. O-O Be7 7. Qe1 d5 8. Ne5
Nbd7 9. Qg3 O-O 10. Nd2 Nxe5 11. fxe5 Ne8 12. d4 f5 13. exf6 Nxf6 14. Qh3 Bc8
15. Bg4 Nxg4 16. Rxf8+ Qxf8 17. Qxg4 e5 18. Qh5 Bf5 19. a4 cxd4 20. exd4 e4 21.
Qe2 Qf6 22. c3 Rf8 23. Nf1 Bg4 24. Qe1 Bd6 25. Be3 h5 26. Qd2 Qg6 27. Rc1 h4
28. c4 dxc4 29. Rxc4 Rxf1+ 30. Kxf1 Qf7+ 0-1

[Event "26. Off. Wuerttembergische Seniorenmst."]
[Site "Freudenstadt"]
[Date "2014.07.24"]
[Round "9.13"]
[White "Foltas, Hermann"]
[Black "Foehl, Frithjof"]
[Result "1-0"]
[WhiteElo "1884"]
[BlackElo "1666"]
[PlyCount "115"]
[EventDate "2014.??.??"]
[WhiteTeam "SK Siemens MÃ¼nchen"]
[BlackTeam "SV Oberkochen"]

1. d4 f5 2. g3 d5 3. Bg2 Nf6 4. e3 e6 5. Ne2 Bd6 6. b3 c6 7. O-O O-O 8. c4 dxc4
9. bxc4 e5 10. Qb3 Kh8 11. dxe5 Bxe5 12. Nbc3 Qc7 13. Ba3 Rd8 14. Rfd1 Rxd1+
15. Rxd1 Nbd7 16. Nd4 c5 17. Nf3 Rb8 18. Nb5 Qa5 19. Nxe5 Nxe5 20. Bxc5 Be6 21.
Qa3 Qxa3 22. Nxa3 Re8 23. Bd4 Nxc4 24. Nxc4 Bxc4 25. Bxb7 Rb8 26. Bf3 Bxa2 27.
Bxa7 Re8 28. Bd4 Bf7 29. Ra1 Ne4 30. h4 Nd2 31. Bc6 Rc8 32. Ra8 Be6 33. Rxc8+
Bxc8 34. Bd5 Ba6 35. f3 Bc4 36. Bxc4 Nxc4 37. Kf2 Kg8 38. Ke2 Kf7 39. Kd3 Nb6
40. e4 fxe4+ 41. fxe4 h5 42. Be5 Nc8 43. Kd4 g6 44. Kd5 Nb6+ 45. Kd4 Ke6 46.
Bf4 Nc8 47. Ke3 Ne7 48. Bc7 Nc6 49. Kf4 Nd4 50. Bb8 Nc6 51. Kg5 Nxb8 52. Kxg6
Nd7 53. Kxh5 Nf6+ 54. Kg6 Nxe4 55. h5 Nxg3 56. h6 Nf5 57. h7 Ne7+ 58. Kh5 1-0

[Event "26. Off. Wuerttembergische Seniorenmst."]
[Site "Freudenstadt"]
[Date "2014.07.24"]
[Round "9.14"]
[White "Just, Joachim"]
[Black "Mertens, Gottfried"]
[Result "0-1"]
[WhiteElo "1878"]
[BlackElo "1669"]
[PlyCount "142"]
[EventDate "2014.??.??"]
[WhiteTeam "SV Motor Zeitz"]
[BlackTeam "SK Weinheim 1911 e.V."]

1. e4 e6 2. d4 d5 3. Bd3 dxe4 4. Bxe4 Nf6 5. Bf3 c5 6. Ne2 Qb6 7. O-O Bd7 8. c4
cxd4 9. Nxd4 Nc6 10. Nxc6 Bxc6 11. Nc3 Be7 12. Qe2 Bxf3 13. Qxf3 O-O 14. Nb5
Rfc8 15. Be3 Qc6 16. Qxc6 Rxc6 17. b3 Bc5 18. Bxc5 Rxc5 19. Rad1 a6 20. Nd6 Rc7
21. Rfe1 Kf8 22. Ne4 Nxe4 23. Rxe4 Ke7 24. Red4 Rac8 25. f4 b5 26. cxb5 axb5
27. a4 bxa4 28. bxa4 Ra8 29. Ra1 Ra5 30. Kf2 Rca7 31. Kf3 h5 32. h4 Kf6 33. Rb4
Ke7 34. Ke4 Kf6 35. g3 g6 36. Ra3 R7a6 37. Rc4 e5 38. Kf3 exf4 39. Rxf4+ Kg7
40. Ke3 f5 41. Kf3 Kf6 42. Rb4 Re5 43. Rab3 Ree6 44. Rc3 Ra5 45. Rcc4 Rea6 46.
Kf4 Ra7 47. Rb6+ Kf7 48. Rbb4 Kf6 49. Ke3 R7a6 50. Kd3 Rd5+ 51. Rd4 Rda5 52.
Kc3 Re5 53. Rd3 Re4 54. Kb3 g5 55. Rxe4 fxe4 56. Rd5 gxh4 57. gxh4 e3 58. Rd1
Kf5 59. Kb4 Ke4 60. Kb5 Ra8 61. a5 e2 62. Ra1 Ke3 63. Kb6 Kf2 64. Kb7 Re8 65.
a6 e1=Q 66. Rxe1 Rxe1 67. a7 Ra1 68. a8=Q Rxa8 69. Kxa8 Kg3 70. Kb7 Kxh4 71.
Kc6 Kg3 0-1

[Event "26. Off. Wuerttembergische Seniorenmst."]
[Site "Freudenstadt"]
[Date "2014.07.24"]
[Round "9.15"]
[White "Juergens, Peter"]
[Black "Grasmeyer, Klaus-Peter"]
[Result "1/2-1/2"]
[WhiteElo "1871"]
[BlackElo "1623"]
[PlyCount "117"]
[EventDate "2014.??.??"]
[WhiteTeam "SC Tempo GÃ¶ttingen"]
[BlackTeam "SC Villingen"]

1. d4 Nf6 2. Bf4 e6 3. e3 c5 4. Nf3 cxd4 5. exd4 b6 6. c3 Bb7 7. Nbd2 Be7 8. h3
O-O 9. Bd3 Re8 10. O-O d6 11. Qc2 Nbd7 12. Rfe1 a6 13. a4 Nf8 14. Bh2 Qd7 15.
Ng5 Rec8 16. Nge4 Nd5 17. Qb3 Rab8 18. c4 Nf6 19. Nc3 Bc6 20. Qa2 Ra8 21. Qb3
Qb7 22. f3 d5 23. cxd5 Nxd5 24. Be4 Nxc3 25. bxc3 Rd8 26. Nf1 Bd5 27. Bxd5 Rxd5
28. Ne3 Rdd8 29. Nc4 b5 30. Rab1 b4 31. cxb4 Rxd4 32. Be5 Rd5 33. Bg3 Nd7 34.
Ne5 Nxe5 35. Bxe5 Qb6+ 36. Kh1 Bd6 37. Bxd6 Qxd6 38. Red1 Rd8 39. Rxd5 exd5 40.
b5 axb5 41. axb5 Qb6 42. Rd1 d4 43. Qc4 g6 44. Rd3 Rb8 45. Rxd4 Kg7 46. Rd5 Kf8
47. Qb4+ Kg7 48. Qc3+ Qf6 49. Qc7 Rb6 50. Qc5 Re6 51. Qb4 Rb6 52. Rc5 Rd6 53.
Rc1 Rb6 54. f4 Rd6 55. Rc4 h5 56. Rc8 Qd4 57. Rc4 Qf2 58. Kh2 h4 59. Qc5
1/2-1/2

[Event "26. Off. Wuerttembergische Seniorenmst."]
[Site "Freudenstadt"]
[Date "2014.07.24"]
[Round "9.16"]
[White "Schmidt, Eugen"]
[Black "Blosze, Winfried"]
[Result "0-1"]
[WhiteElo "1835"]
[BlackElo "1611"]
[PlyCount "81"]
[EventDate "2014.??.??"]
[WhiteTeam "SF Oos e.V."]
[BlackTeam "SV KÃ¶nigsspringer 1929 GroÃŸauhei"]

1. e4 e5 2. Nf3 Nc6 3. Bb5 a6 4. Ba4 Nf6 5. d3 b5 6. Bb3 d6 7. Ng5 d5 8. exd5
Nd4 9. d6 Nxb3 10. dxc7 Qxc7 11. axb3 Bb7 12. Nd2 Bxg2 13. Rg1 Bb7 14. c3 Rd8
15. Qe2 Be7 16. Nge4 g6 17. Nxf6+ Bxf6 18. Ne4 Bg7 19. Bg5 Rc8 20. Nf6+ Kf8 21.
Bh4 e4 22. O-O-O Qf4+ 23. Kb1 Qxh4 24. Nd7+ Kg8 25. d4 Qxh2 26. Nc5 Bd5 27. c4
bxc4 28. bxc4 Ba8 29. Nxe4 Bxe4+ 30. Qxe4 Rxc4 31. Qa8+ Bf8 32. Qxa6 Qc7 33.
Rge1 Kg7 34. f4 Bd6 35. f5 Rb8 36. fxg6 hxg6 37. Rf1 Rcb4 38. Rd2 Qc4 39. Qxc4
Rxc4 40. Rd3 f5 41. Ka2 0-1

[Event "26. Off. Wuerttembergische Seniorenmst."]
[Site "Freudenstadt"]
[Date "2014.07.24"]
[Round "9.17"]
[White "Zschorsch, Peter"]
[Black "Hinz, Ekkehard"]
[Result "1/2-1/2"]
[WhiteElo "1762"]
[BlackElo "1810"]
[PlyCount "103"]
[EventDate "2014.??.??"]
[WhiteTeam "Karlsruher SF 1853"]
[BlackTeam "SK GroÃŸsachsen"]

1. e4 d6 2. d4 Nf6 3. Nc3 e5 4. dxe5 dxe5 5. Qxd8+ Kxd8 6. Bg5 c6 7. O-O-O+ Kc7
8. f3 Bb4 9. Nge2 Be6 10. a3 Be7 11. Be3 Nbd7 12. Kb1 Nb6 13. Nc1 Rhd8 14. Be2
Nc4 15. Bxc4 Bxc4 16. Nd3 Nd7 17. Rhe1 f6 18. f4 b5 19. b4 a5 20. Nc5 axb4 21.
axb4 Nxc5 22. Rxd8 Kxd8 23. bxc5 b4 24. Nd1 Ba2+ 25. Kc1 Bg8 26. Kb1 exf4 27.
Bd4 Ra5 28. Nb2 Bxc5 29. Bxc5 Rxc5 30. Nd3 Rb5 31. Nxf4 Ke7 32. Nd3 Bc4 33. Nb2
Bf7 34. Re3 Rg5 35. g3 c5 36. c3 bxc3 37. Rxc3 Re5 38. Kc1 Rxe4 39. Rxc5 Re1+
40. Kd2 Rh1 41. h4 Rg1 42. Rc3 Rg2+ 43. Kc1 Ke6 44. Nc4 Ke7 45. Re3+ Kf8 46.
Nd6 h5 47. Kd1 Kg8 48. Ke1 Bg6 49. Ra3 Kh7 50. Rc3 Rc2 51. Rxc2 Bxc2 52. Nc4
1/2-1/2

[Event "26. Off. Wuerttembergische Seniorenmst."]
[Site "Freudenstadt"]
[Date "2014.07.24"]
[Round "9.18"]
[White "Pfitzer, Martin"]
[Black "Hoffmann, Peter"]
[Result "1-0"]
[WhiteElo "1779"]
[BlackElo "1521"]
[PlyCount "65"]
[EventDate "2014.??.??"]
[WhiteTeam "SV Aalen-Ellwangen e.V."]
[BlackTeam "SC Ostfildern 1952 e.V."]

1. e4 c5 2. b4 e5 3. Bb2 Nc6 4. b5 Nd4 5. c3 Ne6 6. Nf3 d6 7. d4 f6 8. Bc4 b6
9. O-O Qc7 10. Bd5 Rb8 11. Qb3 Ke7 12. Na3 Nh6 13. g3 Nf7 14. Nc4 Nfg5 15. Nxg5
Nxg5 16. h4 Ne6 17. Ne3 g6 18. Bc6 Qd8 19. f4 cxd4 20. cxd4 Bb7 21. Nd5+ Kf7
22. fxe5 f5 23. exf5 Bxc6 24. fxe6+ Kg7 25. bxc6 dxe5 26. Rf7+ Kh6 27. Bc1+ g5
28. Bxg5+ Qxg5 29. hxg5+ Kg6 30. Rf6+ Kg7 31. e7 exd4 32. Raf1 a5 33. Nc7 1-0

[Event "26. Off. Wuerttembergische Seniorenmst."]
[Site "Freudenstadt"]
[Date "2014.07.24"]
[Round "9.19"]
[White "Engbrecht, Helmut"]
[Black "Duerr, Hanno"]
[Result "1/2-1/2"]
[WhiteElo "1913"]
[BlackElo "1739"]
[PlyCount "30"]
[EventDate "2014.??.??"]
[WhiteTeam "SV Schorndorf"]
[BlackTeam "SGem Vaihingen-Rohr"]

1. e4 c5 2. Nc3 Nc6 3. Nf3 e6 4. Bb5 Nf6 5. e5 Nd5 6. Nxd5 exd5 7. Bxc6 dxc6 8.
d3 Be7 9. Bf4 Bg4 10. h3 Be6 11. Qd2 d4 12. O-O O-O 13. b3 Qd5 14. a4 h6 15.
Kh2 Bg4 1/2-1/2

[Event "26. Off. Wuerttembergische Seniorenmst."]
[Site "Freudenstadt"]
[Date "2014.07.24"]
[Round "9.20"]
[White "Flockerzi, Armin"]
[Black "Abegg, Beat"]
[Result "1/2-1/2"]
[WhiteElo "1567"]
[BlackElo "1910"]
[PlyCount "32"]
[EventDate "2014.??.??"]
[WhiteTeam "VfR-SC Koblenz"]

1. Nf3 d5 2. d4 Nf6 3. g3 c6 4. Bg2 Bg4 5. Nbd2 Nbd7 6. b3 e6 7. O-O Be7 8. Bb2
O-O 9. Re1 Re8 10. c4 h6 11. c5 Qc7 12. Ba3 Bf5 13. Nh4 Bh7 14. f4 Ne4 15. Nhf3
Nxd2 16. Qxd2 Be4 1/2-1/2

[Event "26. Off. Wuerttembergische Seniorenmst."]
[Site "Freudenstadt"]
[Date "2014.07.24"]
[Round "9.21"]
[White "Philippin, Otto"]
[Black "Macher, Claus"]
[Result "0-1"]
[WhiteElo "1718"]
[BlackElo "1839"]
[PlyCount "34"]
[EventDate "2014.??.??"]
[WhiteTeam "SVG Vaihingen/Enz"]
[BlackTeam "SF Ammerbuch"]

1. d4 Nf6 2. e3 b6 3. Nf3 e6 4. Bd3 Bb7 5. Nbd2 c5 6. c3 g6 7. O-O Bg7 8. Qe2
O-O 9. b3 Nd5 10. Bb2 cxd4 11. exd4 Nf4 12. Qe3 Nxd3 13. Qxd3 Ba6 14. c4 d5 15.
Rfe1 Nc6 16. Ba3 Re8 17. Ne5 dxc4 0-1

[Event "26. Off. Wuerttembergische Seniorenmst."]
[Site "Freudenstadt"]
[Date "2014.07.24"]
[Round "9.22"]
[White "Stadler, Lothar"]
[Black "Fassmann, Kurt"]
[Result "1/2-1/2"]
[WhiteElo "1699"]
[BlackElo "1810"]
[PlyCount "34"]
[EventDate "2014.??.??"]
[WhiteTeam "SAbt SV Weiss-BL.Allianz"]
[BlackTeam "TuS Mehlmeisel"]

1. c4 e6 2. Nf3 Nf6 3. e3 c5 4. d4 d5 5. dxc5 Bxc5 6. Be2 O-O 7. O-O Qe7 8. Qc2
Nc6 9. a3 a5 10. Nc3 Bd7 11. b3 d4 12. exd4 Bxd4 13. Bb2 Ba7 14. Nb5 Bb8 15.
Rad1 Rd8 16. Rfe1 e5 17. Bd3 Bg4 1/2-1/2

[Event "26. Off. Wuerttembergische Seniorenmst."]
[Site "Freudenstadt"]
[Date "2014.07.24"]
[Round "9.23"]
[White "Schuler, Georg"]
[Black "Reimann, Guenther"]
[Result "1-0"]
[WhiteElo "1670"]
[BlackElo "1751"]
[Annotator "KÃ¶nig,Dirk"]
[PlyCount "41"]
[EventDate "2014.??.??"]
[WhiteTeam "SV Balingen"]
[BlackTeam "SC Magstadt"]

1. c4 e6 2. d4 f5 3. g3 Nf6 4. Nc3 c6 5. d5 d6 6. Bg2 e5 7. Nf3 Be7 8. O-O c5
9. Rb1 O-O 10. b4 cxb4 11. Rxb4 Na6 12. Rb1 Nc5 13. Be3 Nfd7 14. Qc2 Rb8 15.
Rb5 a6 16. Rb2 Qc7 17. Rfb1 b6 18. h4 h6 19. Bh3 Nf6 20. Bxf5 Bxf5 21. Qxf5 {
(1:0, 33 ZA1/4ge)} 1-0

[Event "26. Off. Wuerttembergische Seniorenmst."]
[Site "Freudenstadt"]
[Date "2014.07.24"]
[Round "9.24"]
[White "Kromer, Thomas"]
[Black "Kuepferle, Ernst"]
[Result "1-0"]
[WhiteElo "1745"]
[BlackElo "1715"]
[PlyCount "101"]
[EventDate "2014.??.??"]
[WhiteTeam "SF Riedlingen"]
[BlackTeam "SK Kehl"]

1. e4 c5 2. Nf3 Nc6 3. d4 cxd4 4. Nxd4 e6 5. Nc3 a6 6. Be3 Nge7 7. Qd2 Nxd4 8.
Bxd4 Nc6 9. Be3 b5 10. Be2 Bb7 11. Bf3 Ne5 12. O-O Rc8 13. Qe2 Nxf3+ 14. gxf3
Qh4 15. Rad1 Bc5 16. Nxb5 axb5 17. Qxb5 Bxe3 18. Qxd7+ Kf8 19. fxe3 Qe7 20. Qd6
Rxc2 21. Qd8+ Qe8 22. Qb6 Bd5 23. exd5 f6 24. Qd6+ Kf7 25. Qxe6+ Qxe6 26. dxe6+
Kxe6 27. Rf2 Rhc8 28. Rdd2 R2c5 29. b4 Rc3 30. Rfe2 Ra3 31. Kf2 Rc4 32. b5 Ra5
33. Rb2 Kd6 34. Red2+ Ke7 35. b6 Rh5 36. e4 Rxh2+ 37. Ke3 Rc3+ 38. Kd4 Rxd2+
39. Rxd2 Rc8 40. b7 Rb8 41. Rg2 g6 42. Rb2 Kd7 43. f4 Kc7 44. e5 Rd8+ 45. Kc5
fxe5 46. b8=Q+ Rxb8 47. Rxb8 Kxb8 48. fxe5 Kc7 49. a4 h5 50. Kd5 g5 51. Ke4 1-0

[Event "26. Off. Wuerttembergische Seniorenmst."]
[Site "Freudenstadt"]
[Date "2014.07.24"]
[Round "9.25"]
[White "Micheel, Peter"]
[Black "Krieg, Karl"]
[Result "1/2-1/2"]
[WhiteElo "1741"]
[BlackElo "1702"]
[PlyCount "28"]
[EventDate "2014.??.??"]
[WhiteTeam "SSC Graal-MÃ¼ritz"]
[BlackTeam "SG SchwÃ¤bisch GmÃ¼nd 1872 e.V"]

1. e4 c5 2. c3 Nf6 3. e5 Nd5 4. Bc4 e6 5. Nf3 Nb6 6. Bb3 d5 7. d4 cxd4 8. cxd4
Nc6 9. O-O Be7 10. Nc3 f5 11. Be3 O-O 12. Qd2 Na5 13. Qe2 Nbc4 14. Bxc4 Nxc4
1/2-1/2